000 00989cam a2200253 i 4500
003 SA-RiAUC
005 20260313133211.0
008 260125q19001999ua g 00000 ara c
040 _aSA-RiAUC
_bara
_cSA-RiAUC
_erda
082 0 4 _a262
090 _aم ن 262
_bد ب ا
100 1 _aالدباغ، عبد العزيز بن مسعود،
_d1095-1132 هجري
_eمؤلف.
245 1 2 _aالإبريز /
_cأحمد بن المبارك عن عبد العزيز الدباغ.
264 1 _aالقاهرة :
_b[الناشر غير محدد]،
_c[بين 1900 و1999]
264 3 _a[مكان الطبع غير محدد] :
_bمطبعة بولاق.
300 _a2 مجلد في 1 ؛
_c29 سم
336 _aنص
_btxt
_2rdacontent
_3كتاب
337 _aبدون وسيط
_bn
_2rdamedia
338 _aمجلد
_bnc
_2rdacarrier
650 7 _aالتصوف الإسلامي
_2aucsh
650 7 _aالزهد
_2aucsh
942 _2ddc
_cRBOOK COPY
_n0
949 _aSA-JeALM
_d260125
_umohamedma123
_n1
999 _c14571
_d14571